Chemisches Symbol - Quiz - Statistiken

Allgemein
  • Dieses Quiz wurde 869 mal gespielt
    802 seit der letzten Aktualisierung
  • Das Durchschnittsergebnis liegt bei 66 aus 118
Antwortstatistiken
Hint Antwort % Korrekt
Aluminium Al
95%
Bor B
92%
Brom Br
92%
Calcium Ca
92%
Argon Ar
91%
Barium Ba
90%
Chlor Cl
90%
Arsen As
89%
Americum Am
87%
Beryllium Be
87%
Cobalt Co
87%
Chrom Cr
86%
Astat At
85%
Fluor F
85%
Actinium Ac
84%
Bismut Bi
84%
Cadmium Cd
84%
Eisen Fe
84%
Helium He
84%
Iod I
84%
Kalium K
83%
Kohlenstoff C
82%
Gallium Ga
82%
Lithium Li
82%
Cer Ce
81%
Caesium Cs
81%
Magnesium Mg
81%
Germanium Ge
80%
Berkelium Bk
78%
Kupfer Cu
78%
Krypton Kr
78%
Gold Au
77%
Francium Fr
77%
Iridium Ir
77%
Neon Ne
77%
Californium Cf
76%
Natrium Na
76%
Erbium Er
75%
Europium Eu
75%
Indium In
75%
Mangan Mn
75%
Bohrium Bh
74%
Lanthan La
74%
Nickel Ni
74%
Blei Pb
74%
Hafnium Hf
72%
Hassium Hs
72%
Holmium Ho
71%
Gadolinium Gd
70%
Flerovium Fl
69%
Fermium Fm
68%
Lutetium Lu
68%
Dubnium Db
67%
Dysprosium Dy
67%
Einsteinium Es
66%
Livermorium Lv
66%
Phosphor P
66%
Darmstadtium Ds
64%
Neptunium Np
64%
Molybdän Mo
63%
Meitnerium Mt
61%
Niob Nb
61%
Osmium Os
60%
Lawrenceium Lr
59%
Mendelevium Md
59%
Neodym Nd
59%
Nihonium Nh
59%
Curium Cm
58%
Moscovium Mc
57%
Oganesson Og
57%
Copernicium Cn
55%
Nobelium No
54%
Palladium Pd
53%
Polonium Po
52%
Platin Pt
52%
Plutonium Pu
49%
Radium Ra
49%
Praseodym Pr
46%
Promethium Pm
43%
Radon Rn
40%
Sauerstoff O
39%
Rhodium Rh
37%
Schwefel S
37%
Quecksilber Hg
35%
Rhenium Re
34%
Antimon Sb
32%
Stickstoff N
30%
Protactinium Pa
29%
Rubidium Rb
29%
Silicium Si
29%
Roentgenium Rg
28%
Ruthenium Ru
28%
Scandium Sc
28%
Selen Se
28%
Silber Ag
27%
Rutherfordium Rf
25%
Wasserstoff H
22%
Tantal Ta
22%
Tellur Te
22%
Uran U
22%
Samarium Sm
21%
Strontium Sr
21%
Titan Ti
18%
Xenon Xe
18%
Seaborgium Sg
17%
Technetium Tc
17%
Tenness Ts
16%
Zink Zn
16%
Vanadium V
15%
Wolfram W
15%
Terbium Tb
12%
Thorium Th
12%
Thallium Tl
12%
Yttrium Y
10%
Zinn Sn
9%
Thulium Tm
8%
Ytterbium Yb
8%
Zirconium Zr
4%
Keine übereinstimmenden Quizze gefunden
Verteilung der Resultate
Anzahl Personen mit jedem Resultat
Perzentil nach korrekt beantworteten Fragen
Ihre Resultats-Entwicklung
Sie haben dieses Quiz seit der letzten Aktualisierung nicht gespielt